| 000 | 01080nam a22002537a 4500 | ||
|---|---|---|---|
| 005 | 20170124103059.0 | ||
| 010 | _aB-070696 | ||
| 020 |
_c250.00 _a818806608 |
||
| 035 | _aB-070696 | ||
| 037 | _bCen Lib/Ret | ||
| 040 |
_aDPL _bHN |
||
| 082 |
_a523 _bजसबी |
||
| 100 |
_aजसबीर सिंह _976382 |
||
| 245 |
_aअंतरिक्ष एवं नक्षत्र विज्ञान / _cजसबीर सिंह |
||
| 246 |
_aAntariksh evam nakshatra vigyan / _bby Jasbir singh |
||
| 260 |
_aदिल्ली _bजगतराम एंड कंपनी _c2002 |
||
| 270 |
_aए-३३४, नयी सब्जी मंडी, आजाद पुर _bदिल्ली _e110033 |
||
| 300 |
_a214पृ. _c21सेमी (सजिल्द) |
||
| 650 |
_aनक्षत्र वज्ञान--उदय और विकास _976383 |
||
| 650 |
_aइतिहास _976384 |
||
| 650 |
_aStar Science - Rise and Development _976385 |
||
| 650 |
_aHistory _976386 |
||
| 942 |
_2ddc _cHN _h523 _mजसबी |
||
| 999 |
_c117702 _d117702 |
||